1827 1368 1988 1459 1908 1822 1081 1282 1059 1080 1284 1076 1536 1854 1216 1195 1471 1900 1594 1115 1933 1312 1351 1563 1752 1585 1622 1841 1654 1013 1631 1912 1772 1560 1169 1868 1613 1117 1773 1376 1323 1561 1622 1102 1096 1144 1324 1830 1868 1462 1066 1138 1509 1645 1936 1808 1981 1203 1772 1877 1422 1595 1077 1843 1815 1982 1634 1560 1376 1425 1224 1570 1603 1807 1078 1241 1705 1246 1261 1726 1393 1957 1827 1169 1722 1514 1829 1151 1857 1805 1643 1435 1882 1129 1771 1219 1562 1190 1693 BCNSPRNW ULIB Ver.6.0+V

เปลี่ยนเป็นภาษาไทย

Change to English
 แสดงรายละเอียดบรรณานุกรม
  กลับหน้าหลัก

Brief Record : Get Marc (ISO 2709) : E-mail record : QR code < ปิดหน้าต่าง
LEADER : 00000nam 2200000uu 4500
001    13399123665
003     ULIB
008    141104s2551||||th 000 0 tha d
020    ^a9789747492217
060 04 ^aWY16^bบ128
100 0  ^aสมจิต หนุเจริญกุล
245 00 ^aบทเรียนจากกรณีศึกษาเส้นทางสู่ความสำเร็จของพยาบาลเวชปฏิบัติ./^cสมจิต หนุเจริญกุล
260    ^a[กรุงเทพฯ] :^bสถาบันวิจัยและพัฒนาระบบสุขภาพชุมชน,^c[2551]
300    ^a116 หน้า ;^c21 ซม.
536    ^aได้รับทุนสนับสนุนจากสถาบันวิจัยและพัฒนาระบบสาธารณสุข
650  4 ^aพยาบาล^xวิจัย
650  4 ^aวิจัย
650  4 ^a พยาบาลเวชปฏิบัติ
710 2  ^aสถาบันวิจัยและพัฒนาระบบสุขภาพชุมชน
945    ^p130^l0^i036622
945    ^p130^l0^i036623
945    ^p130^l0^i036624
945    ^p130^l0^i036625
945    ^p130^l0^i036626
945    ^p130^l0^i036627
945    ^p130^l0^i036628
945    ^p130^l0^i036629
945    ^p130^l0^i036630
945    ^p130^l0^i036631
999    ^aเกษร โพธิ์สุวรรณ
รายการนี้ยังไม่มีแท็ก
คุณยังไม่ได้ล็อกอิน คุณสามารถมีกิจกรรมร่วมกับเว็บไซต์ได้ แต่ต้องล็อกอินก่อน ::
  ล็อกอิน

รายการสื่อสารสนเทศ

ลำดับที่ ประเภท เลขเรียก/บาร์โค้ด สถานที่ สถานะ
1. Book การพยาบาล
หนังสือสำรอง
สถานะ=หนังสือสำรอง
WY16 บ128 ฉ.1 
  Barcode: 036622
ห้องสมุดวิทยาเขตสวรรค์ประชารักษ์
►หนังสือทั่วไป
บนชั้น
2. Book การพยาบาล
Book การพยาบาล
WY16 บ128 ฉ.10 
  Barcode: 036631
ห้องสมุดวิทยาเขตสวรรค์ประชารักษ์
►หนังสือทั่วไป
บนชั้น
3. Book การพยาบาล
Book การพยาบาล
WY16 บ128 ฉ.2 
  Barcode: 036623
ห้องสมุดวิทยาเขตสวรรค์ประชารักษ์
►หนังสือทั่วไป
บนชั้น
4. Book การพยาบาล
Book การพยาบาล
WY16 บ128 ฉ.3 
  Barcode: 036624
ห้องสมุดวิทยาเขตสวรรค์ประชารักษ์
►หนังสือทั่วไป
บนชั้น
5. Book การพยาบาล
Book การพยาบาล
WY16 บ128 ฉ.4 
  Barcode: 036625
ห้องสมุดวิทยาเขตสวรรค์ประชารักษ์
►หนังสือทั่วไป
บนชั้น
6. Book การพยาบาล
Book การพยาบาล
WY16 บ128 ฉ.5 
  Barcode: 036626
ห้องสมุดวิทยาเขตสวรรค์ประชารักษ์
►หนังสือทั่วไป
บนชั้น
7. Book การพยาบาล
Book การพยาบาล
WY16 บ128 ฉ.6 
  Barcode: 036627
ห้องสมุดวิทยาเขตสวรรค์ประชารักษ์
►หนังสือทั่วไป
บนชั้น
8. Book การพยาบาล
Book การพยาบาล
WY16 บ128 ฉ.7 
  Barcode: 036628
ห้องสมุดวิทยาเขตสวรรค์ประชารักษ์
►หนังสือทั่วไป
บนชั้น
9. Book การพยาบาล
Book การพยาบาล
WY16 บ128 ฉ.8 
  Barcode: 036629
ห้องสมุดวิทยาเขตสวรรค์ประชารักษ์
►หนังสือทั่วไป
บนชั้น
10. Book การพยาบาล
Book การพยาบาล
WY16 บ128 ฉ.9 
  Barcode: 036630
ห้องสมุดวิทยาเขตสวรรค์ประชารักษ์
►หนังสือทั่วไป
บนชั้น

รายการใกล้เคียง
    ผู้แต่ง [สมจิต หนุเจริญกุล]

    หัวเรื่อง [วิจัย]
    หัวเรื่อง [พยาบาลเวชปฏิบัติ]

BibComment


ยังไม่เคยถูกคอมเมนท์

คอมเมนท์ทรัพยากรรายการนี้
  คอมเมนท์: บทเรียนจากกรณีศึ..


 Copyright 2026. Bcnsprnw @Library